Desafíos humanitarios en Centroamérica : lecciones de los conflictos armados recientes /
Tallennettuna:
| Päätekijät: | , , , , |
|---|---|
| Aineistotyyppi: | Tuntematon |
| Kieli: | Spanish |
| Julkaistu: |
San José, Costa Rica :
Fundación Arias para la Paz y el Progreso Humano,
1995.
|
| Aiheet: | |
| Tagit: |
Lisää tagi
Ei tageja, Lisää ensimmäinen tagi!
|
MARC
| LEADER | 000000000a22000000004500 | ||
|---|---|---|---|
| 001 | 003701 | ||
| 020 | |a 9977170207 | ||
| 041 | 0 | |a spa | |
| 082 | 0 | 4 | |a 320.972.86 |b D441d |
| 100 | 1 | |a Eguizabal Mendoza, Cristina | |
| 100 | 1 | |a Lewis, David | |
| 100 | 1 | |a Minear, Larry | |
| 100 | 1 | |a Sollis, Peter | |
| 100 | 1 | |a Weiss, Thomas | |
| 245 | 1 | 0 | |a Desafíos humanitarios en Centroamérica : |b lecciones de los conflictos armados recientes / |c Cristina Eguizabal Mendoza, David Lewis, Larry Minear, Peter Sollis, Thomas Weiss. |
| 260 | 1 | |a San José, Costa Rica : |b Fundación Arias para la Paz y el Progreso Humano, |c 1995. | |
| 300 | |a 103 páginas | ||
| 650 | 4 | |a AMERICA CENTRAL | |
| 650 | 4 | |a POLITICA | |
| 999 | |c 10168 |d 10168 | ||
| 942 | |c BK |h 320.972.86 D441d |2 z | ||



